| 000 | 00997cam a22002297i 4500 | ||
|---|---|---|---|
| 005 | 20160106044525.0 | ||
| 008 | 010126n dcuab r 000 0 spa d | ||
| 020 | _a9583317322 | ||
| 040 |
_aOSU _cOSU _dCO-BoIAVH |
||
| 041 | 0 |
_aspa _beng |
|
| 082 | 0 | 4 |
_a333.95416 _bA18a |
| 245 | 0 | 0 |
_aActitudes hacia la fauna en Latinoamérica / _cFernando Nassar-Montoya, Rebecca Crane, editores. |
| 260 |
_aWashington, D.C.: _bHumane Society International, Humane Society Press ; _aBogotá _bCHumane Society International, Humane Society Press, Centro de Primatología Araguatos, _c[2000] |
||
| 300 |
_axxiii, 289 páginas : _bilustraciones y mapas ; _c24 cm. |
||
| 504 | _aIncluye referencias bibliográficas. | ||
| 650 | 1 | 4 |
_aConservación de la vida silvestre _zAmérica Latina |
| 650 | 2 | 4 |
_aGestión de la vida silvestre _zAmérica Latina |
| 650 | 2 | 4 |
_aZoológicos _zAmérica Latina |
| 700 | 1 | _aCrane, Rebecca. | |
| 700 | 1 | _aNassar-Montoya, Fernando. | |
| 942 |
_2ddc _cLIBRO |
||
| 999 |
_c2046 _d2046 |
||